000 00645nam a22002297a 4500
003 UA-OsUOA
001 88296
007 ta
008 20121003b un ||||| |||| 00| 0 ukr d
100 _aГоленищев-Кутузов И.Н.
090 _a82.09
_bГ 60
942 _cBK
040 _aUA-OsUOA
_brus
_cUA-OsUOA
_dUA-OsUOA
245 _aРоманские литературы
_bСтатьи и исследования
300 _a530 с.
955 _a4
041 _arus
080 _a82.09
260 _aМ.
_bНаука
_c1975
650 7 _a82 Література. Літературознавство
_2UDC
999 _c374259
_d374259